LDR 00643naa#a2200181#i#450# 001 EN\\bibl\123366 005 20260705235808.7 011 ## _a1994-4683 100 ## _a20230731b2023####ek#y0engy0150####ca 102 ## _aRU 200 1# _aFEATURES OF THE THROW TRAINING METHODOLOGY IN PAIR FIGURE SKATING _eJournal article 210 1# _aMoscow _cNational State University of Physical Education, Sports and Health named after P.F. Lesgaft _d2023 215 ## _a5 с. 608 ## _aJournal article _2local 675 ## _aФигурное катание на коньках. 796.912 _z 700 #1 _aVolykhina _gN A 700 #1 _aKazakova _gO B 856 4# _auchzapiski.lesgaft.spb.ru _u